| 000 | 00505nam a2200205Ia 4500 | ||
|---|---|---|---|
| 008 | 170918s9999 xx 000 0 und d | ||
| 020 | _a9780439922258 | ||
| 050 | _bB632be 2007 | ||
| 100 | _aBlade, Adam | ||
| 245 | _aCypher the mountain giant / | ||
| 245 | _cby Adam Blade ; illustrated by Ezra Tucker. | ||
| 260 | _aNew York : | ||
| 260 | _bScholastic, | ||
| 260 | _c2007 | ||
| 300 | _a76 pages : | ||
| 300 | _billustrations ; | ||
| 300 | _c19cm. | ||
| 300 | _eBeast quest ; | ||
| 440 | _a3 | ||
| 999 |
_c343813 _d343813 |
||